<?xml version="1.0" encoding="UTF-8"?>
<record
    xmlns:xsi="http://www.w3.org/2001/XMLSchema-instance"
    xsi:schemaLocation="http://www.loc.gov/MARC21/slim http://www.loc.gov/standards/marcxml/schema/MARC21slim.xsd"
    xmlns="http://www.loc.gov/MARC21/slim">

  <leader>00696nam a22001937a 4500</leader>
  <datafield tag="999" ind1=" " ind2=" ">
    <subfield code="c">171017</subfield>
    <subfield code="d">171017</subfield>
  </datafield>
  <controlfield tag="005">20200102160758.0</controlfield>
  <datafield tag="010" ind1=" " ind2=" ">
    <subfield code="a">A-880705</subfield>
  </datafield>
  <datafield tag="020" ind1=" " ind2=" ">
    <subfield code="c">150.00</subfield>
    <subfield code="a">-</subfield>
  </datafield>
  <datafield tag="035" ind1=" " ind2=" ">
    <subfield code="a">A-880705</subfield>
  </datafield>
  <datafield tag="037" ind1=" " ind2=" ">
    <subfield code="b">BPPD</subfield>
  </datafield>
  <datafield tag="082" ind1=" " ind2=" ">
    <subfield code="a">841               </subfield>
  </datafield>
  <datafield tag="100" ind1=" " ind2=" ">
    <subfield code="a">&#x645;&#x62D;&#x645;&#x62F; &#x646;&#x642;&#x648; &#x6CC; </subfield>
  </datafield>
  <datafield tag="245" ind1=" " ind2=" ">
    <subfield code="a">&#x627; &#x646;&#x62A;&#x62E;&#x627; &#x628; &#x642;&#x635;&#x627; &#x621;&#x62F; &#x633;&#x64A;&#x62F; &#x633;&#x631; &#x633;&#x648; &#x6CC;  </subfield>
    <subfield code="c">&#x645;&#x62D;&#x645;&#x62F; &#x646;&#x642;&#x648; &#x6CC; </subfield>
  </datafield>
  <datafield tag="246" ind1=" " ind2=" ">
    <subfield code="a">Intakhab QasayedSyed Sirsawvi (Urdu)</subfield>
    <subfield code="b">by Urfi Hind Syed Mohd.Naqvi </subfield>
  </datafield>
  <datafield tag="260" ind1=" " ind2=" ">
    <subfield code="a">Muradabad</subfield>
    <subfield code="c">1993&#x621; </subfield>
    <subfield code="b">Kishwer Jahan Zaidi                                                 </subfield>
  </datafield>
  <datafield tag="270" ind1=" " ind2=" ">
    <subfield code="b">Muradabad</subfield>
    <subfield code="k">-</subfield>
    <subfield code="e">344302</subfield>
    <subfield code="a">Andrun-e-Qila Miyan Sarai,Sambhal</subfield>
  </datafield>
  <datafield tag="300" ind1=" " ind2=" ">
    <subfield code="a">368 &#x635;</subfield>
    <subfield code="c">22 cm(hb)</subfield>
  </datafield>
  <datafield tag="942" ind1=" " ind2=" ">
    <subfield code="2">ddc</subfield>
    <subfield code="c">UR</subfield>
    <subfield code="h">841</subfield>
    <subfield code="m">&#x646; &#x642; &#x648; </subfield>
  </datafield>
  <datafield tag="952" ind1=" " ind2=" ">
    <subfield code="0">0</subfield>
    <subfield code="1">0</subfield>
    <subfield code="4">0</subfield>
    <subfield code="7">0</subfield>
    <subfield code="8">NFIC</subfield>
    <subfield code="a">L</subfield>
    <subfield code="b">L</subfield>
    <subfield code="d">2020-01-02</subfield>
    <subfield code="e">BPPD/Ven.</subfield>
    <subfield code="g">150.00</subfield>
    <subfield code="l">0</subfield>
    <subfield code="o">841 &#x646; &#x642; &#x648;</subfield>
    <subfield code="p">A-880705</subfield>
    <subfield code="r">2020-01-02 00:00:00</subfield>
    <subfield code="t">1</subfield>
    <subfield code="v">150.00</subfield>
    <subfield code="w">2020-01-02</subfield>
    <subfield code="y">UR</subfield>
  </datafield>
</record>
